| 000 -LEADER |
| fixed length control field |
00952nam a22001817a 4500 |
| 001 - CONTROL NUMBER |
| control field |
10228 |
| 003 - CONTROL NUMBER IDENTIFIER |
| control field |
BD-DhUAP |
| 005 - DATE AND TIME OF LATEST TRANSACTION |
| control field |
20200316170136.0 |
| 008 - FIXED-LENGTH DATA ELEMENTS--GENERAL INFORMATION |
| fixed length control field |
200316s2001 bg ||||| |||| 00| 0 ben d |
| 040 ## - CATALOGING SOURCE |
| Original cataloging agency |
BD-DhUAP |
| Language of cataloging |
Ben |
| Transcribing agency |
BD-DhUAP |
| Modifying agency |
BD-DhUAP |
| 082 ## - DEWEY DECIMAL CLASSIFICATION NUMBER |
| Edition number |
23 |
| Classification number |
491.44 CHA |
| 100 ## - MAIN ENTRY--PERSONAL NAME |
| Personal name |
চক্রবর্তী, রূপা। |
| 245 ## - TITLE STATEMENT |
| Title |
বিদেশী বাংলা-শিক্ষার্থীদের জন্যে ব্যবহারিক উপকরণ : |
| Remainder of title |
মাধ্যমিক স্তরের একটি পরিপূর্ণ পাঠ্যক্রম / |
| Statement of responsibility, etc. |
রূপা চক্রবর্তী। |
| 260 ## - PUBLICATION, DISTRIBUTION, ETC. |
| Place of publication, distribution, etc. |
আগারগাঁও, ঢাকা : |
| Name of publisher, distributor, etc. |
বাংলাদেশ বিশ্ববিদ্যালয় মঞ্জুরী কমিশন, |
| Date of publication, distribution, etc. |
২০০১। |
| 300 ## - PHYSICAL DESCRIPTION |
| Extent |
[১৬], ২২৮ পৃষ্ঠা ; |
| Dimensions |
২২ সেমি.। |
| 650 ## - SUBJECT ADDED ENTRY--TOPICAL TERM |
| Topical term or geographic name entry element |
Bengali Language. |
| 942 ## - ADDED ENTRY ELEMENTS (KOHA) |
| Source of classification or shelving scheme |
|
| Koha item type |
Book |